000 00348nam a2200145Ia 4500
008 230917s9999||||xx |||||||||||||| ||und||
040 _e254331
_aMAIN
041 _aEnglish
082 _a418.02 B469R:S
100 _aSudarshan Singh
245 0 _aRevaloution 2020 love. corruption. ambition
260 _c2013
300 _a52 p.
942 _cTH
999 _c127248
_d127248